| 000 | 00419pab a2200181 454500 | ||
|---|---|---|---|
| 008 | 180718b2004 xxu||||| |||| 00| 0 eng d | ||
| 100 | _aIslam, Shahanawazul | ||
| 245 | _aIT in Agriculture | ||
| 260 | _c2004 | ||
| 300 | _ap.28-30. | ||
| 362 | _aNov | ||
| 650 | _aInformation technology | ||
| 650 | _aAgriculture | ||
| 700 | _aFarooqi, Samir | ||
| 700 | _aAgarwal, Hari Om | ||
| 773 | _aYojana | ||
| 909 | _a63058 | ||
| 999 |
_c63058 _d63058 |
||